000 01035nam a22002537a 4500
005 20240530110611.0
008 161116s2014 au ah g 000 0 ara d
017 _a2014/10282
_bمصر. دار الكتب
020 _a9789776456235
040 _aEG-CaGPL
_cEG-CaGPL
082 0 4 _221
_a155.4\
_bم ا
100 0 _aمحمد عبدالرحمن سليمان
245 1 0 _aادارة الذات لدى الاطفال ذوي الاحتياجات الخاصة /
_cمحمد عبدالرحمن سليمان
250 _aط.1
260 _aالقاهرة :
_bدار الجوهرة للنشر والتوزيع ،
_c2014 .
300 _a508 ص. :
_bايض ؛
_c24 سم .
504 _aيشتمل على ارجاعات ببليوجرافية
650 0 7 _2qrmak
_aالاطفال
_xعلم النفس
650 0 7 _2qrmak
_aعلم النفس التربوي
650 0 7 _2qrmak
_aالاطفال المعوقون
650 0 7 _2qrmak
_aالاطفال
_xرعاية زهنية
942 _2ddc
_cBK
999 _c62858
_d62858